000 00558nam a2200217 i 4500
001 C2-0233850
003 PPAK
005 20180727194524.0
008 010614s1978 xx |||| ||||| | may d
040 _aPPAK
_beng
_cPPAK
_erda
082 0 4 _a297.122
_223
090 0 0 _a297.122
_bKIF
_dKSF
245 0 0 _aKifayat khatam Quran
264 1 _b[publisher not identified] ,
_c1978
300 _a[n.p.] ;
_c19 cm
336 _2rdacontent
_atext
337 _2rdamedia
_aunmediated
338 _2rdacarrier
_avolume
650 1 0 _aKoran recitation
942 _ddc
_cB
999 _c50266
_d50266